[Event "Stay Safe Play From Home 257"]
[Site "Emanuel Lasker Arena"]
[Date "2020.06.26"]
[Round "8"]
[White "Broken sword"]
[Black "Chase the sun"]
[Result "1-0"]
[WhiteElo "2426"]
[BlackElo "1846"]
[Annotator "TA"]
[PlyCount "61"]
[EventDate "2020.06.26"]
[EventType "swiss (blitz)"]

{[%evp 9,61,-30,-2,-10,5,1,40,35,51,45,98,89,158,80,72,64,85,84,385,222,217,214,258,146,204,0,0,0,160,135,232,175,168,145,171,149,182,175,177,68,489,465,500,489,435,463,449,340,508,435,501,490,471,458]} 1. d4 e6 2. Nf3 f5 3. Bg5 Nf6 4. Bxf6 Qxf6 5. c3 d6 6. Nbd2 {A80: Dutch Defence: Unusual White second moves.} Be7 7. e4 O-O {[#]} 8. Bd3 $146 {White is slightly better.} ({Predecessor:} 8. e5 Qf7 9. Qc2 d5 10. O-O-O c5 11. Kb1 Nc6 12. Nb3 c4 13. Nc1 b5 14. h3 {0-1 (31) Brockman,R (1764)-Selnes,H (1921) Parramatta 2009}) 8... fxe4 9. Nxe4 Qf7 ({Better is} 9... Qf4 $1 $14) 10. Qc2 g6 (10... h6 $142) 11. Neg5 (11. h4 $142 $1) 11... Bxg5 $16 12. Nxg5 Qf4 13. h4 {And now Bxg6! would win.} Nc6 $2 {[%mdl 8192] [#]} (13... Kg7 $16) 14. g3 (14. Bxg6 $142 $1 {[%mdl 512]} Kg7 (14... hxg6 15. Qxg6+) 15. Bxh7) 14... Qf6 $18 15. f4 e5 16. Ne4 ({White should try} 16. Qb3+ $18 Kg7 17. O-O-O) 16... Qg7 (16... Qe7 $16 {was necessary.}) 17. d5 $2 (17. dxe5 $18 {Strongly threatening h5.} dxe5 18. h5) 17... Ne7 $11 18. O-O-O Nf5 $2 (18... exf4 $11 19. gxf4 Rxf4) 19. Rde1 $16 Nh6 (19... h5 $16 {is a better defense.}) 20. fxe5 dxe5 21. h5 $36 {[%mdl 2048] Hoping for hxg6. Black is under strong pressure.} Bf5 {[#]} 22. hxg6 $1 Bxg6 23. Nc5 Ng4 {...Nf2 would now be nice for Black.} 24. Ne6 ({Stronger than} 24. Nxb7 Nf2 $17) (24. Bxg6 $18 Qxg6 25. Qxg6+ hxg6 26. Rh4) 24... Qf6 $2 {[%mdl 8192]} (24... Nf2 $1 $14 25. Bxg6 (25. Nxg7 Nxd3+ 26. Qxd3 Bxd3 $11) 25... Qxg6) 25. Bxg6 $18 Qxg6 26. Qxg6+ hxg6 27. Nxf8 Rxf8 {KRR-KRN} 28. Rhf1 Rd8 (28... Rf5 {was worth a try.} 29. Rxf5 gxf5) 29. c4 {White is clearly winning.} Kg7 30. Re4 Nf6 31. Rxe5 {Accuracy: White = 56%, Black = 40%.} 1-0

[Event "Stay Safe Play From Home 257"]
[Site "Emanuel Lasker Arena"]
[Date "2020.06.26"]
[Round "8"]
[White "SoulofWolf"]
[Black "Fischer_11"]
[Result "1-0"]
[WhiteElo "2234"]
[BlackElo "1881"]
[Annotator "NA"]
[PlyCount "131"]
[EventDate "2020.06.26"]
[EventType "swiss (blitz)"]

1. c4 {[%emt 0:00:02]} Nf6 {[%emt 0:00:01]} 2. Nf3 {[%emt 0:00:00]} g6 {[%emt 0:00:00]} 3. d4 {[%emt 0:00:00]} Bg7 {[%emt 0:00:00]} 4. g3 {[%emt 0:00:00]} O-O {[%emt 0:00:00]} 5. Bg2 {[%emt 0:00:00]} d6 {[%emt 0:00:00]} 6. O-O {[%emt 0:00:00]} e5 {[%emt 0:00:00]} 7. e3 {[%emt 0:00:01]} exd4 {[%emt 0:00:01]} 8. exd4 {[%emt 0:00:01]} Re8 {[%emt 0:00:00]} 9. Bg5 {[%emt 0:00:01]} Bg4 {[%emt 0:00:01]} 10. h3 {[%emt 0:00:00]} Bxf3 {[%emt 0:00:02]} 11. Qxf3 {[%emt 0:00:00]} c6 {[%emt 0:00:00]} 12. Rd1 {[%emt 0:00:01]} h6 {[%emt 0:00:02]} 13. Bf4 {[%emt 0:00:02]} Nbd7 {[%emt 0:00:01]} 14. Nd2 {[%emt 0:00:01]} d5 {[%emt 0:00:02]} 15. c5 {[%emt 0:00:02]} Ne4 {[%emt 0:00:03]} 16. g4 {[%emt 0:00:03]} Nxd2 {[%emt 0:00:01]} 17. Rxd2 {[%emt 0:00:01]} Nf6 {[%emt 0:00:00]} 18. Qg3 {[%emt 0:00:02]} Ne4 {[%emt 0:00:01]} 19. Bxe4 {[%emt 0:00:00]} Rxe4 {[%emt 0:00:00]} 20. Be3 {[%emt 0:00:01]} Qe7 {[%emt 0:00:02]} 21. b4 {[%emt 0:00:03]} Re8 {[%emt 0:00:01]} 22. Rb1 {[%emt 0:00:01]} a6 {[%emt 0:00:06]} 23. a4 {[%emt 0:00:01]} Qf6 {[%emt 0:00:02]} 24. b5 {[%emt 0:00:02]} R4e7 {[%emt 0:00:02]} 25. bxc6 {[%emt 0:00:05]} Qxc6 {[%emt 0:00:02]} 26. Rb4 {[%emt 0:00:02]} Re4 {[%emt 0:00:05]} 27. Qd6 {[%emt 0:00:03]} Qxd6 {[%emt 0:00:01]} 28. cxd6 {[%emt 0:00:00]} Rd8 {[%emt 0:00:03]} 29. Rb6 {[%emt 0:00:01]} Re6 {[%emt 0:00:02]} 30. Bf4 {[%emt 0:00:01]} Re4 {[%emt 0:00:02]} 31. Bg3 {[%emt 0:00:01]} Rxd4 {[%emt 0:00:01]} 32. Rxd4 {[%emt 0:00:01]} Bxd4 {[%emt 0:00:00]} 33. Rxb7 {[%emt 0:00:00]} Bc5 {[%emt 0:00:01]} 34. d7 {[%emt 0:00:02]} Kg7 {[%emt 0:00:01]} 35. Rc7 {[%emt 0:00:02]} Bb4 {[%emt 0:00:02]} 36. Rb7 {[%emt 0:00:02]} a5 {[%emt 0:00:02]} 37. Kg2 {[%emt 0:00:04]} Kf6 {[%emt 0:00:01]} 38. h4 {[%emt 0:00:01]} Ke7 {[%emt 0:00:01]} 39. Bf4 {[%emt 0:00:01]} Rxd7 {[%emt 0:00:00]} 40. Rb5 {[%emt 0:00:02]} Rd6 {[%emt 0:00:01]} 41. Bxh6 {[%emt 0:00:01]} Rd7 {[%emt 0:00:00]} 42. Bg5+ {[%emt 0:00:00]} Ke6 {[%emt 0:00:00]} 43. Rb6+ {[%emt 0:00:02]} Ke5 {[%emt 0:00:00]} 44. Rb5 {[%emt 0:00:00]} Kd4 {[%emt 0:00:00]} 45. f4 {[%emt 0:00:00]} Kc4 {[%emt 0:00:00]} 46. Bf6 {[%emt 0:00:00]} d4 {[%emt 0:00:00]} 47. Re5 {[%emt 0:00:01]} d3 {[%emt 0:00:00]} 48. Re1 {[%emt 0:00:00]} Kb3 {[%emt 0:00:00]} 49. Rd1 {[%emt 0:00:00]} Bc3 {[%emt 0:00:00]} 50. Rb1+ {[%emt 0:00:00]} Kc4 {[%emt 0:00:00]} 51. Rf1 {[%emt 0:00:00]} d2 {[%emt 0:00:00]} 52. Bxc3 {[%emt 0:00:00]} d1=Q {[%emt 0:00:00]} 53. Rf3 {[%emt 0:00:00]} Rd3 {[%emt 0:00:01]} 54. Rf2 {[%emt 0:00:00]} Rd2 {[%emt 0:00:00]} 55. Rxd2 {[%emt 0:00:01]} Qxd2+ {[%emt 0:00:00]} 56. Bxd2 {[%emt 0:00:00]} Kb3 {[%emt 0:00:00]} 57. Be3 {[%emt 0:00:00]} Kxa4 {[%emt 0:00:00]} 58. Bf2 {[%emt 0:00:00]} Kb3 {[%emt 0:00:00]} 59. f5 {[%emt 0:00:00]} a4 {[%emt 0:00:00]} 60. fxg6 {[%emt 0:00:00]} a3 {[%emt 0:00:00]} 61. g7 {[%emt 0:00:00]} a2 {[%emt 0:00:00]} 62. g8=Q {[%emt 0:00:01]} a1=Q {[%emt 0:00:00]} 63. Kg3 {[%emt 0:00:00]} Qd1 {[%emt 0:00:00]} 64. Qxf7+ {[%emt 0:00:00]} Kc2 {[%emt 0:00:01]} 65. Qf5+ {[%emt 0:00:00]} Qd3+ {[%emt 0:00:00]} 66. Qf3 {[%emt 0:00:00] Zeit} 1-0

[Event "Stay Safe Play From Home 257"]
[Site "Emanuel Lasker Arena"]
[Date "2020.06.26"]
[Round "8"]
[White "Lazieri3"]
[Black "Souchov"]
[Result "1-0"]
[WhiteElo "2108"]
[BlackElo "1928"]
[Annotator "NA"]
[PlyCount "101"]
[EventDate "2020.06.26"]
[EventType "swiss (blitz)"]

1. e4 {[%emt 0:00:01]} e5 {[%emt 0:00:01]} 2. Nc3 {[%emt 0:00:00]} Nc6 {[%emt 0:00:01]} 3. Nf3 {[%emt 0:00:01]} Nf6 {[%emt 0:00:01]} 4. d4 {[%emt 0:00:01]} exd4 {[%emt 0:00:00]} 5. Nxd4 {[%emt 0:00:00]} Bc5 {[%emt 0:00:00]} 6. Nxc6 {[%emt 0:00:01]} bxc6 {[%emt 0:00:01]} 7. Bd3 {[%emt 0:00:01]} O-O {[%emt 0:00:01]} 8. O-O {[%emt 0:00:01]} Re8 {[%emt 0:00:02]} 9. Bg5 {[%emt 0:00:01]} h6 {[%emt 0:00:02]} 10. Bh4 {[%emt 0:00:01]} d6 {[%emt 0:00:00]} 11. h3 {[%emt 0:00:01]} Be6 {[%emt 0:00:03]} 12. Qf3 {[%emt 0:00:01]} g5 {[%emt 0:00:02]} 13. Bg3 {[%emt 0:00:01]} d5 {[%emt 0:00:00]} 14. exd5 {[%emt 0:00:02]} cxd5 {[%emt 0:00:00]} 15. Be5 {[%emt 0:00:03]} Nd7 {[%emt 0:00:03]} 16. Bg3 {[%emt 0:00:03]} Qf6 {[%emt 0:00:00]} 17. Qxf6 {[%emt 0:00:01]} Nxf6 {[%emt 0:00:00]} 18. Rfe1 {[%emt 0:00:01]} c6 {[%emt 0:00:01]} 19. Ne2 {[%emt 0:00:01]} Rab8 {[%emt 0:00:01]} 20. b3 {[%emt 0:00:01]} Ne4 {[%emt 0:00:01]} 21. c3 {[%emt 0:00:02]} Nxg3 {[%emt 0:00:01]} 22. Nxg3 {[%emt 0:00:00]} d4 {[%emt 0:00:02]} 23. cxd4 {[%emt 0:00:01]} Bxd4 {[%emt 0:00:00]} 24. Rad1 {[%emt 0:00:01]} c5 {[%emt 0:00:00]} 25. Bf5 {[%emt 0:00:01]} Bxf5 {[%emt 0:00:01]} 26. Nxf5 {[%emt 0:00:00]} Rxe1+ {[%emt 0:00:01]} 27. Rxe1 {[%emt 0:00:01]} Kf8 {[%emt 0:00:00]} 28. Nxh6 {[%emt 0:00:01]} Re8 {[%emt 0:00:01]} 29. Rxe8+ {[%emt 0:00:01]} Kxe8 {[%emt 0:00:00]} 30. Nf5 {[%emt 0:00:01]} Kd7 {[%emt 0:00:01]} 31. Nxd4 {[%emt 0:00:01]} cxd4 {[%emt 0:00:00]} 32. Kf1 {[%emt 0:00:01]} Ke6 {[%emt 0:00:01]} 33. Ke2 {[%emt 0:00:00]} Kd5 {[%emt 0:00:01]} 34. Kd3 {[%emt 0:00:01]} a5 {[%emt 0:00:01]} 35. g3 {[%emt 0:00:01]} Ke5 {[%emt 0:00:02]} 36. a3 {[%emt 0:00:02]} Kd5 {[%emt 0:00:01]} 37. h4 {[%emt 0:00:00]} gxh4 {[%emt 0:00:02]} 38. gxh4 {[%emt 0:00:00]} Ke5 {[%emt 0:00:01]} 39. b4 {[%emt 0:00:00]} a4 {[%emt 0:00:03]} 40. h5 {[%emt 0:00:01]} Kf5 {[%emt 0:00:01]} 41. b5 {[%emt 0:00:00]} Kg5 {[%emt 0:00:00]} 42. b6 {[%emt 0:00:00]} Kxh5 {[%emt 0:00:00]} 43. b7 {[%emt 0:00:00]} Kg4 {[%emt 0:00:00]} 44. b8=Q {[%emt 0:00:00]} Kf3 {[%emt 0:00:00]} 45. Qf8 {[%emt 0:00:01]} Kxf2 {[%emt 0:00:00]} 46. Qxf7+ {[%emt 0:00:01]} Kg2 {[%emt 0:00:00]} 47. Kxd4 {[%emt 0:00:01]} Kg3 {[%emt 0:00:00]} 48. Ke3 {[%emt 0:00:01]} Kg2 {[%emt 0:00:00]} 49. Qg6+ {[%emt 0:00:01]} Kh3 {[%emt 0:00:01]} 50. Kf3 {[%emt 0:00:01]} Kh4 {[%emt 0:00:00]} 51. Qh6# {[%emt 0:00:01] (Lag: Av=0.45s, max=0.6s)} 1-0

[Event "Stay Safe Play From Home 257"]
[Site "Emanuel Lasker Arena"]
[Date "2020.06.26"]
[Round "8"]
[White "Haxhi Baha"]
[Black "little champs"]
[Result "0-1"]
[WhiteElo "1981"]
[BlackElo "2238"]
[PlyCount "78"]
[EventDate "2020.06.26"]
[EventType "swiss (blitz)"]

1. e4 {[%emt 0:00:06]} c6 {[%emt 0:00:00]} 2. Nc3 {[%emt 0:00:02]} d5 {[%emt 0:00:00]} 3. Nf3 {[%emt 0:00:00]} dxe4 {[%emt 0:00:01]} 4. Nxe4 {[%emt 0:00:00]} Nf6 {[%emt 0:00:01]} 5. Nc3 {[%emt 0:00:05]} g6 {[%emt 0:00:01]} 6. h3 {[%emt 0:00:00]} Bg7 {[%emt 0:00:00]} 7. d4 {[%emt 0:00:00]} O-O {[%emt 0:00:00]} 8. Bd3 {[%emt 0:00:05]} Nbd7 {[%emt 0:00:00]} 9. Be3 {[%emt 0:00:03]} Re8 {[%emt 0:00:01]} 10. Qd2 {[%emt 0:00:04]} e5 {[%emt 0:00:00]} 11. dxe5 {[%emt 0:00:02]} Nxe5 {[%emt 0:00:01]} 12. Nxe5 {[%emt 0:00:05]} Rxe5 {[%emt 0:00:01]} 13. O-O-O {[%emt 0:00:00]} Be6 {[%emt 0:00:02]} 14. Bh6 {[%emt 0:00:05]} Ra5 {[%emt 0:00:02]} 15. Bxg7 {[%emt 0:00:01]} Kxg7 {[%emt 0:00:01]} 16. Kb1 {[%emt 0:00:01]} Qd4 {[%emt 0:00:04]} 17. g4 {[%emt 0:00:04]} Rd8 {[%emt 0:00:02]} 18. g5 {[%emt 0:00:01]} Nd5 {[%emt 0:00:02]} 19. Ne2 {[%emt 0:00:05]} Qa4 {[%emt 0:00:03]} 20. a3 {[%emt 0:00:02]} b5 {[%emt 0:00:03]} 21. Nc3 {[%emt 0:00:01]} Nxc3+ {[%emt 0:00:01]} 22. Qxc3+ {[%emt 0:00:00]} Kg8 {[%emt 0:00:02]} 23. h4 {[%emt 0:00:01]} b4 {[%emt 0:00:01]} 24. Qxb4 {[%emt 0:00:00]} Qxb4 {[%emt 0:00:00]} 25. axb4 {[%emt 0:00:00]} Rad5 {[%emt 0:00:01]} 26. h5 {[%emt 0:00:02]} Rxg5 {[%emt 0:00:01]} 27. hxg6 {[%emt 0:00:01]} hxg6 {[%emt 0:00:00]} 28. Rdg1 {[%emt 0:00:00]} Rxg1+ {[%emt 0:00:01]} 29. Rxg1 {[%emt 0:00:00]} Kg7 {[%emt 0:00:00]} 30. Kc1 {[%emt 0:00:01]} Rd4 {[%emt 0:00:01]} 31. b3 {[%emt 0:00:02]} Rxb4 {[%emt 0:00:01]} 32. Kd2 {[%emt 0:00:00]} Rf4 {[%emt 0:00:01]} 33. Kc3 {[%emt 0:00:00]} Rxf2 {[%emt 0:00:01]} 34. Ra1 {[%emt 0:00:00]} g5 {[%emt 0:00:01]} 35. Rxa7 {[%emt 0:00:00]} g4 {[%emt 0:00:00]} 36. Ra1 {[%emt 0:00:01]} g3 {[%emt 0:00:01]} 37. Rg1 {[%emt 0:00:00]} g2 {[%emt 0:00:01]} 38. b4 {[%emt 0:00:00]} Bd5 {[%emt 0:00:01]} 39. Kd4 {[%emt 0:00:01] .} Kf6 {[%emt 0:00:01] Time (Lag: Av=0.82s, max=1.3s)} 0-1

[Event "Stay Safe Play From Home 257"]
[Site "Emanuel Lasker Arena"]
[Date "2020.06.26"]
[Round "8"]
[White "Buzaglo"]
[Black "AChessPlayer"]
[Result "0-1"]
[WhiteElo "1847"]
[BlackElo "2416"]
[PlyCount "54"]
[EventDate "2020.06.26"]
[EventType "swiss (blitz)"]

1. d4 {[%emt 0:00:00]} g6 {[%emt 0:00:01]} 2. Nf3 {[%emt 0:00:00]} Bg7 {[%emt 0:00:00]} 3. g3 {[%emt 0:00:00]} c5 {[%emt 0:00:01]} 4. Bg2 {[%emt 0:00:00]} cxd4 {[%emt 0:00:00]} 5. O-O {[%emt 0:00:00]} Nc6 {[%emt 0:00:00]} 6. Nxd4 {[%emt 0:00:01]} Nxd4 {[%emt 0:00:01]} 7. c3 {[%emt 0:00:01]} Nc6 {[%emt 0:00:00]} 8. Nd2 {[%emt 0:00:00]} d6 {[%emt 0:00:01]} 9. Nf3 {[%emt 0:00:00]} Nf6 {[%emt 0:00:01]} 10. Be3 {[%emt 0:00:00]} O-O {[%emt 0:00:01]} 11. Rc1 {[%emt 0:00:01]} Bf5 {[%emt 0:00:01]} 12. b3 {[%emt 0:00:00]} Qd7 {[%emt 0:00:01]} 13. c4 {[%emt 0:00:01]} Bh3 {[%emt 0:00:01]} 14. Ng5 {[%emt 0:00:02]} Bxg2 {[%emt 0:00:01]} 15. Kxg2 {[%emt 0:00:00]} h6 {[%emt 0:00:00]} 16. Nf3 {[%emt 0:00:01]} a6 {[%emt 0:00:00]} 17. Nd4 {[%emt 0:00:02]} b5 {[%emt 0:00:02]} 18. cxb5 {[%emt 0:00:01]} Nxd4 {[%emt 0:00:01]} 19. Bxd4 {[%emt 0:00:02]} axb5 {[%emt 0:00:00]} 20. Rc2 {[%emt 0:00:02]} Qb7+ {[%emt 0:00:01]} 21. Kg1 {[%emt 0:00:02]} Rfc8 {[%emt 0:00:00]} 22. Rd2 {[%emt 0:00:01]} Ne4 {[%emt 0:00:02]} 23. Rd3 {[%emt 0:00:01]} e5 {[%emt 0:00:02]} 24. Be3 {[%emt 0:00:01]} d5 {[%emt 0:00:01]} 25. Rxd5 {[%emt 0:00:01]} Nc3 {[%emt 0:00:01]} 26. Rd7 {[%emt 0:00:05]} Qe4 {[%emt 0:00:03]} 27. Qd6 {[%emt 0:00:03]} Nxe2# {[%emt 0:00:02] (Lag: Av=0.55s, max=0.8s)} 0-1

[Event "Stay Safe Play From Home 257"]
[Site "Emanuel Lasker Arena"]
[Date "2020.06.26"]
[Round "8"]
[White "Edmatuag"]
[Black "Bardellosport"]
[Result "0-1"]
[WhiteElo "1597"]
[BlackElo "2031"]
[Annotator "NA"]
[PlyCount "102"]
[EventDate "2020.06.26"]
[EventType "swiss (blitz)"]

1. e4 {[%emt 0:00:04]} e6 {[%emt 0:00:00]} 2. d3 {[%emt 0:00:01]} d5 {[%emt 0:00:00]} 3. e5 {[%emt 0:00:01]} c5 {[%emt 0:00:01]} 4. Nc3 {[%emt 0:00:01]} Nc6 {[%emt 0:00:00]} 5. Nce2 {[%emt 0:00:01]} Nge7 {[%emt 0:00:00]} 6. f4 {[%emt 0:00:02]} Ng6 {[%emt 0:00:00]} 7. Nf3 {[%emt 0:00:01]} d4 {[%emt 0:00:00]} 8. Ng3 {[%emt 0:00:01]} Be7 {[%emt 0:00:00]} 9. Ne4 {[%emt 0:00:01]} O-O {[%emt 0:00:01]} 10. g3 {[%emt 0:00:01]} f6 {[%emt 0:00:01]} 11. Bh3 {[%emt 0:00:01]} f5 {[%emt 0:00:01]} 12. Neg5 {[%emt 0:00:02]} Bxg5 {[%emt 0:00:01]} 13. Nxg5 {[%emt 0:00:01]} Qe7 {[%emt 0:00:01]} 14. O-O {[%emt 0:00:02]} h6 {[%emt 0:00:01]} 15. Nf3 {[%emt 0:00:02]} Nh8 {[%emt 0:00:01]} 16. Nh4 {[%emt 0:00:01]} Qf7 {[%emt 0:00:02]} 17. Nf3 {[%emt 0:00:01]} Ne7 {[%emt 0:00:02]} 18. Bd2 {[%emt 0:00:01]} g6 {[%emt 0:00:01]} 19. b4 {[%emt 0:00:01]} b6 {[%emt 0:00:01]} 20. bxc5 {[%emt 0:00:01]} bxc5 {[%emt 0:00:00]} 21. Ba5 {[%emt 0:00:01]} Qg7 {[%emt 0:00:01]} 22. Qb1 {[%emt 0:00:01]} g5 {[%emt 0:00:01]} 23. Bg2 {[%emt 0:00:02]} Nhg6 {[%emt 0:00:01]} 24. fxg5 {[%emt 0:00:01]} hxg5 {[%emt 0:00:01]} 25. Nxg5 {[%emt 0:00:01]} Rb8 {[%emt 0:00:01]} 26. Qxb8 {[%emt 0:00:02]} Bb7 {[%emt 0:00:01]} 27. Qxb7 {[%emt 0:00:02]} f4 {[%emt 0:00:01]} 28. Nxe6 {[%emt 0:00:03]} Qf7 {[%emt 0:00:02]} 29. Nxf8 {[%emt 0:00:01]} Qxf8 {[%emt 0:00:01]} 30. Qd5+ {[%emt 0:00:01]} Nxd5 {[%emt 0:00:01]} 31. Bxd5+ {[%emt 0:00:04]} Kg7 {[%emt 0:00:00]} 32. e6 {[%emt 0:00:01]} Ne7 {[%emt 0:00:02]} 33. Be4 {[%emt 0:00:02]} Qh8 {[%emt 0:00:01]} 34. Bc7 {[%emt 0:00:01]} Qh3 {[%emt 0:00:03]} 35. Bxf4 {[%emt 0:00:02]} Qxe6 {[%emt 0:00:02]} 36. Rfe1 {[%emt 0:00:03]} Qf6 {[%emt 0:00:02]} 37. Bg2 {[%emt 0:00:02]} Nf5 {[%emt 0:00:01]} 38. Be5 {[%emt 0:00:01]} Kf7 {[%emt 0:00:01]} 39. Bxf6 {[%emt 0:00:01]} Kxf6 {[%emt 0:00:00]} 40. Rf1 {[%emt 0:00:01]} c4 {[%emt 0:00:00]} 41. Rxf5+ {[%emt 0:00:01]} Kxf5 {[%emt 0:00:00]} 42. Re1 {[%emt 0:00:01]} cxd3 {[%emt 0:00:02]} 43. cxd3 {[%emt 0:00:00]} a5 {[%emt 0:00:01]} 44. Bb7 {[%emt 0:00:01]} a4 {[%emt 0:00:00]} 45. a3 {[%emt 0:00:01]} Kg4 {[%emt 0:00:02]} 46. Bc6 {[%emt 0:00:00]} Kf5 {[%emt 0:00:01]} 47. Bxa4 {[%emt 0:00:00]} Kg4 {[%emt 0:00:00]} 48. Bc6 {[%emt 0:00:01]} Kf5 {[%emt 0:00:00]} 49. a4 {[%emt 0:00:01]} Kg4 {[%emt 0:00:00]} 50. a5 {[%emt 0:00:00]} Kf5 {[%emt 0:00:00]} 51. a6 {[%emt 0:00:00]} Kg4 {[%emt 0:00:00] Time (Lag: Av=0.39s, max=0.8s)} 0-1

[Event "Stay Safe Play From Home 257"]
[Site "Emanuel Lasker Arena"]
[Date "2020.06.26"]
[Round "9"]
[White "Broken sword"]
[Black "Buzaglo"]
[Result "1-0"]
[WhiteElo "2427"]
[BlackElo "1846"]
[Annotator "TA"]
[PlyCount "39"]
[EventDate "2020.06.26"]
[EventType "swiss (blitz)"]

{[%evp 9,38,3,14,-88,35,1,35,35,43,26,75,8,16,10,22,21,50,48,87,39,40,8,25,13,35,0,11,-12,0,6,29999]} 1. d4 e6 2. Nf3 d5 3. Bg5 Nf6 4. e3 Be7 5. a3 Ne4 6. Bf4 {[#] D03: 1 d4 d5 2 Nf3 Nf6 3 Bg5, including Torre Attack with early ...d5.} (6. Bxe7 $11 {remains equal.} Qxe7 7. c4) 6... Bd6 ({Black should play} 6... g5 $1 $17 {[%cal Rg5f4]} 7. Be5 f6) 7. Bg3 {[#]} Bxg3 $146 ({Predecessor:} 7... Nxg3 8. hxg3 Nd7 9. c4 c6 10. Nc3 Qe7 11. Qc2 Nf6 12. Bd3 Bd7 13. cxd5 exd5 14. Bf5 Bxf5 15. Qxf5 {½-½ (41) Welling,G (2339)-Ider,B (2379) Nancy 2014}) 8. hxg3 {White is slightly better.} h6 9. c4 c5 10. Nc3 (10. dxc5 $16 O-O 11. Nbd2) 10... Nxc3 $11 11. bxc3 cxd4 12. cxd4 dxc4 13. Bxc4 O-O 14. O-O Nc6 15. Rb1 Na5 16. Bd3 $36 {[%mdl 2048] White has some pressure.} b6 17. Re1 Bb7 18. Bc2 Nc6 19. Qd3 {[%csl Gc2][%cal Rd3h7]} Ne7 $2 {[%mdl 8192] [#]} (19... g6 $11) 20. Qh7# {Accuracy: White = 48%, Black = 47%.} 1-0

[Event "Stay Safe Play From Home 257"]
[Site "Emanuel Lasker Arena"]
[Date "2020.06.26"]
[Round "9"]
[White "AChessPlayer"]
[Black "Edmatuag"]
[Result "1-0"]
[WhiteElo "2418"]
[BlackElo "1594"]
[Annotator "TA"]
[PlyCount "77"]
[EventDate "2020.06.26"]
[EventType "swiss (blitz)"]

{[%evp 9,77,16,27,21,17,-16,23,23,23,14,49,21,32,1,0,-3,55,52,49,30,188,132,249,248,287,281,1266,289,512,202,297,200,527,452,426,281,1186,1165,1227,777,1857,1394,1932,1904,2621,2466,29986,29986,29990,29991,29991,29992,29992,29993,29993,29993,29994,29995,29995,29995,29996,29997,29997,29997,29998,29997,29997,29998,29998,29999]} 1. Nf3 e6 2. b3 d6 3. Bb2 b6 4. c4 Bb7 {[#]} 5. Nc3 $146 ({Predecessor:} 5. e3 Nd7 6. Nc3 Ne7 7. Bd3 Nc6 8. Rc1 f5 9. Bb1 Be7 10. d4 Na5 11. d5 {1-0 (43) Moller,K (1875)-Novotny,J (2130) Nachod 2001}) 5... Nd7 {[%cal Bb8d7,Bd7c5,Bc5e6,Be6f4][%mdl 32]} 6. Qc2 {A04: Unusual lines after 1 Nf3 and King's Indian Attack.} Ngf6 7. d3 Be7 8. e4 {White has an edge.} O-O 9. Be2 e5 10. O-O Nc5 11. Rfe1 Ne6 12. Nd5 Nxd5 (12... c5 $11) 13. cxd5 Nf4 14. Bf1 Bg5 $2 {[#] Now Black is done in.} (14... f5 $11 {and Black is okay.}) 15. d4 (15. g3 $18) 15... Bh6 (15... f5 $16) 16. dxe5 $18 dxe5 17. Bxe5 Qg5 $2 (17... Ng6 18. Qxc7 Nxe5 19. Qxe5 (19. Qxb7 Nxf3+ 20. gxf3 Bf4 $16) 19... g6) 18. Kh1 $2 (18. Nxg5 Bxg5 19. Qxc7) 18... Qh5 $2 (18... Qe7 19. Rad1 Rac8) 19. Rad1 $2 (19. Qxc7 Ng6 20. Bd6) 19... Bc8 (19... Rac8 {was necessary.} 20. Bxf4 Bxf4) 20. Qxc7 g5 $2 (20... Nxg2 21. Bxg2 Bg4) 21. Bxf4 gxf4 22. Qe5 f5 $2 (22... Qxe5 23. Nxe5 Re8) 23. d6 Bd7 24. Qd5+ Rf7 25. e5 Re8 26. e6 Bxe6 27. Rxe6 Rxe6 28. Qxe6 {White mates.} Bf8 29. d7 Qg6 30. Qxg6+ hxg6 31. d8=Q Kg7 32. Rd7 Rxd7 33. Qxd7+ {[%mdl 64] [#] Double Attack} Kh6 34. h4 Bc5 35. Ng5 {[%csl Gg5][%cal Rd7h7]} Kh5 36. Qh7+ Kg4 37. Be2+ f3 38. Bxf3+ Kf4 39. Qc7+ {Accuracy: White = 25%, Black = 13%.} 1-0

[Event "Stay Safe Play From Home 257"]
[Site "Emanuel Lasker Arena"]
[Date "2020.06.26"]
[Round "9"]
[White "Bardellosport"]
[Black "Lazieri3"]
[Result "1-0"]
[WhiteElo "2034"]
[BlackElo "2117"]
[Annotator "NA"]
[PlyCount "77"]
[EventDate "2020.06.26"]
[EventType "swiss (blitz)"]

1. d4 {[%emt 0:00:00]} c6 {[%emt 0:00:00]} 2. e3 {[%emt 0:00:00]} d5 {[%emt 0:00:00]} 3. f4 {[%emt 0:00:00]} Nf6 {[%emt 0:00:00]} 4. Nf3 {[%emt 0:00:00]} Bf5 {[%emt 0:00:01]} 5. Bd3 {[%emt 0:00:00]} Bxd3 {[%emt 0:00:01]} 6. Qxd3 {[%emt 0:00:00]} e6 {[%emt 0:00:00]} 7. Qe2 {[%emt 0:00:00]} c5 {[%emt 0:00:01]} 8. Ne5 {[%emt 0:00:00]} Nc6 {[%emt 0:00:01]} 9. c3 {[%emt 0:00:01]} Ne4 {[%emt 0:00:02]} 10. Nd2 {[%emt 0:00:01]} Nxd2 {[%emt 0:00:02]} 11. Bxd2 {[%emt 0:00:01]} Bd6 {[%emt 0:00:02]} 12. O-O {[%emt 0:00:01]} O-O {[%emt 0:00:01]} 13. Rac1 {[%emt 0:00:01]} f6 {[%emt 0:00:01]} 14. Nxc6 {[%emt 0:00:01]} bxc6 {[%emt 0:00:00]} 15. Qf2 {[%emt 0:00:01]} Qe7 {[%emt 0:00:02]} 16. g4 {[%emt 0:00:01]} e5 {[%emt 0:00:01]} 17. Qg2 {[%emt 0:00:01]} Rab8 {[%emt 0:00:04]} 18. b3 {[%emt 0:00:01]} Rfe8 {[%emt 0:00:04]} 19. g5 {[%emt 0:00:01]} exf4 {[%emt 0:00:01]} 20. exf4 {[%emt 0:00:01]} fxg5 {[%emt 0:00:01]} 21. fxg5 {[%emt 0:00:01]} Rf8 {[%emt 0:00:01]} 22. Rfe1 {[%emt 0:00:01]} Qc7 {[%emt 0:00:02]} 23. h4 {[%emt 0:00:01]} cxd4 {[%emt 0:00:02]} 24. cxd4 {[%emt 0:00:01]} Rbe8 {[%emt 0:00:01]} 25. Rf1 {[%emt 0:00:01]} Qe7 {[%emt 0:00:03]} 26. Rce1 {[%emt 0:00:01]} Qd7 {[%emt 0:00:01]} 27. Rc1 {[%emt 0:00:01]} Rxf1+ {[%emt 0:00:05]} 28. Rxf1 {[%emt 0:00:00]} Qe6 {[%emt 0:00:01]} 29. Rf2 {[%emt 0:00:01]} Qe4 {[%emt 0:00:03]} 30. Qxe4 {[%emt 0:00:01]} Rxe4 {[%emt 0:00:00]} 31. Ba5 {[%emt 0:00:02]} Rxd4 {[%emt 0:00:02]} 32. Bd8 {[%emt 0:00:01]} Rxh4 {[%emt 0:00:02]} 33. Re2 {[%emt 0:00:01]} Bc5+ {[%emt 0:00:01]} 34. Kg2 {[%emt 0:00:01]} Kf7 {[%emt 0:00:01]} 35. g6+ {[%emt 0:00:02]} hxg6 {[%emt 0:00:01]} 36. Bxh4 {[%emt 0:00:01]} g5 {[%emt 0:00:02]} 37. Bxg5 {[%emt 0:00:01]} Kg6 {[%emt 0:00:01]} 38. Be3 {[%emt 0:00:01]} Kf5 {[%emt 0:00:00]} 39. Bxc5 {[%emt 0:00:01] Time (Lag: Av=0.50s, max=0.9s)} 1-0